<?xml version="1.0" encoding="UTF-8"?>
<marc:record xmlns:marc="http://www.loc.gov/MARC21/slim">
   <marc:leader>00000nam a2200000 a 4500</marc:leader>
   <marc:datafield ind1="1" ind2=" " tag="100">
      <marc:subfield code="a">Verolme, Hetty E.</marc:subfield>
      <marc:subfield code="4">aut</marc:subfield>
      <marc:subfield code="e">Verfasser/-in</marc:subfield>
   </marc:datafield>
   <marc:datafield ind1="1" ind2=" " tag="100">
      <marc:subfield code="a">Verolme, Hetty E.</marc:subfield>
   </marc:datafield>
   <marc:datafield ind1=" " ind2=" " tag="653">
      <marc:subfield code="a">Geschichte</marc:subfield>
   </marc:datafield>
   <marc:datafield ind1=" " ind2=" " tag="653">
      <marc:subfield code="a">Niederländer</marc:subfield>
   </marc:datafield>
   <marc:datafield ind1=" " ind2=" " tag="653">
      <marc:subfield code="a">Kind</marc:subfield>
   </marc:datafield>
   <marc:datafield ind1=" " ind2=" " tag="653">
      <marc:subfield code="a">Erlebnisbericht</marc:subfield>
   </marc:datafield>
   <marc:datafield ind1="0" ind2="0" tag="245">
      <marc:subfield code="a">Wir Kinder von Bergen-Belsen</marc:subfield>
   </marc:datafield>
   <marc:datafield ind1="0" ind2="0" tag="245">
      <marc:subfield code="c">Hetty E. Verolme. Aus dem Engl. von Mirjam Pressler</marc:subfield>
   </marc:datafield>
   <marc:datafield ind1=" " ind2="1" tag="264">
      <marc:subfield code="a">Weinheim</marc:subfield>
      <marc:subfield code="b">Beltz &amp; Gelberg</marc:subfield>
      <marc:subfield code="c">2010</marc:subfield>
   </marc:datafield>
   <marc:datafield ind1="1" ind2=" " tag="490">
      <marc:subfield code="a">Gulliver</marc:subfield>
      <marc:subfield code="v">1202</marc:subfield>
   </marc:datafield>
   <marc:datafield ind1="1" ind2=" " tag="520">
      <marc:subfield code="a">Angaben aus der Verlagsmeldung

Wir Kinder von Bergen-Belsen Wir Kinder von Bergen-Belsen / von Hetty E Verolme

»Direkt und präzise ist die Sprache von Hetty Verolme. Gerade weil sie erkennbar nicht auf Wirkung zielen, treffen ihre Sätze mitten ins Herz.« Die Welt

Ende des Jahres 1943 wird Hetty mit ihren beiden Brüdern sowie den Eltern aus dem jüdischen Viertel in Amsterdam ins KZ Bergen-Belsen deportiert. Zuerst ist die Familie vereint, doch dann werden Vater und Mutter auf einen Transport mit unbekanntem Ziel geschickt. Hetty und ihre Brüder bleiben zurück – zusammen mit etwa vierzig anderen Kindern. In ihrem ergreifenden Bericht schildert Hetty Verolme den Überlebenskampf der Gruppe: Als »Ersatzmutter« akzeptiert, versucht sie gemeinsam mit einer polnischen Aufseherin Schutz und Geborgenheit für die Kinder zu bieten, Essen zu organiseren und sie vor allem über die lange Zeit der quälenden Ungewissheit zu trösten.
</marc:subfield>
   </marc:datafield>
   <marc:datafield ind1=" " ind2=" " tag="020">
      <marc:subfield code="a">9783407742025</marc:subfield>
      <marc:subfield code="9">9783407742025</marc:subfield>
   </marc:datafield>
   <marc:datafield ind1=" " ind2=" " tag="041">
      <marc:subfield code="a">ger</marc:subfield>
   </marc:datafield>
   <marc:datafield ind1=" " ind2=" " tag="300">
      <marc:subfield code="a">352, [32] S.</marc:subfield>
   </marc:datafield>
</marc:record>
